[Event "Clusane op 1st"]
[Site "Clusane"]
[Date "2024.03.02"]
[Round "5"]
[White "Bricola, Tommaso"]
[Black "Verga, Francesco"]
[Result "0-1"]
[WhiteElo "1926"]
[BlackElo "1976"]
[PlyCount "120"]
[EventDate "2024.02.29"]
[EventType "swiss"]
[EventRounds "7"]
[EventCountry "ITA"]
[SourceTitle "CB11_2024"]
[SourceDate "2024.03.13"]
[SourceVersion "1"]
[SourceVersionDate "2024.03.13"]
[SourceQuality "1"]

1. d4 Nf6 2. g3 g6 3. Bg2 d5 4. c4 Bg7 5. Bg5 dxc4 6. Nc3 0-0 7. e4 c6 8. Qd2 Na6 9. Nge2 Nc7 10. h4 Ne6 11. Be3 Ng4 12. Rd1 Nxe3 13. Qxe3 Qb6 14. 0-0 a5 15. h5 Rd8 16. e5 Nc7 17. h6 Bf8 18. a4 Bf5 19. Be4 Bxe4 20. Nxe4 Nd5 21. Qc1 Qb4 22. e6 f5 23. Nc5 b6 24. Nd7 Qxa4 25. Qg5 Qb4 26. Rfe1 Qd6 27. Nf4 Nxf4 28. gxf4 Rxd7 29. exd7 Qxd7 30. Re5 a4 31. d5 a3 32. bxa3 c3 33. Rde1 c2 34. Qg3 cxd5 35. Qb3 Qc6 36. Qxd5+ Qxd5 37. Rxd5 Rxa3 38. Rc1 Rc3 39. Rd2 Bxh6 40. Rdxc2 Rxc2 41. Rxc2 Bxf4 42. Rc6 b5 43. Rb6 Bd6 44. Rxb5 Kf7 45. Kg2 Kf6 46. f3 g5 47. Ra5 h5 48. Ra8 g4 49. Rf8+ Kg5 50. Ra8 e5 51. Ra5 gxf3+ 52. Kxf3 e4+ 53. Ke3 Bf4+ 54. Kf2 Kg4 55. Kg2 h4 56. Ra3 e3 57. Rb3 h3+ 58. Kh1 e2 59. Rb1 Bg3 60. Rb4+ f4 0-1

[Event "Clusane op 1st"]
[Site "Clusane"]
[Date "2024.03.01"]
[Round "2"]
[White "Maldonado Gonzales, Stefano"]
[Black "Verga, Francesco"]
[Result "1-0"]
[WhiteElo "2234"]
[BlackElo "1976"]
[PlyCount "109"]
[EventDate "2024.02.29"]
[EventType "swiss"]
[EventRounds "7"]
[EventCountry "ITA"]
[SourceTitle "CB11_2024"]
[SourceDate "2024.03.13"]
[SourceVersion "1"]
[SourceVersionDate "2024.03.13"]
[SourceQuality "1"]

1. e4 c5 2. Nf3 d6 3. d4 cxd4 4. Nxd4 Nf6 5. Bd3 Nc6 6. Be3 g6 7. h3 Bg7 8. c4 0-0 9. Nc3 Nd7 10. Be2 Nxd4 11. Bxd4 Bxd4 12. Qxd4 Qb6 13. 0-0-0 Qxd4 14. Rxd4 Ne5 15. f4 Nc6 16. Rd2 Be6 17. b3 Rfd8 18. Re1 f6 19. Kb2 Bf7 20. Red1 g5 21. g3 gxf4 22. gxf4 Kh8 23. Bf3 Be6 24. Nd5 Rac8 25. Ne3 Rg8 26. Bg4 Bxg4 27. hxg4 Nb8 28. b4 Na6 29. a3 Nc7 30. Rh1 Ne6 31. Rf2 a5 32. Rh5 axb4 33. axb4 Ra8 34. Rfh2 Rg7 35. Nd5 Rc8 36. Kb3 Nd4+ 37. Kc3 Ne6 38. e5 fxe5 39. fxe5 b5 40. exd6 Rxc4+ 41. Kb3 exd6 42. Nf6 Nf8 43. Rxb5 Rf4 44. g5 Rf3+ 45. Ka4 Rf7 46. Rb8 Kg7 47. Rh6 Ra7+ 48. Kb5 Rf5+ 49. Kb6 Ra4 50. Rb7+ Nd7+ 51. Rxd7+ Kf8 52. Rd8+ Ke7 53. Re8+ Kf7 54. Rxh7+ Kg6 55. Rg8# 1-0

[Event "Rome City op 5th"]
[Site "Rome"]
[Date "2023.12.05"]
[Round "2"]
[White "Verga, Francesco"]
[Black "Krishnan, Ritvik"]
[Result "0-1"]
[WhiteElo "2009"]
[BlackElo "2346"]
[PlyCount "66"]
[EventDate "2023.12.04"]
[EventType "swiss"]
[EventRounds "9"]
[EventCountry "ITA"]
[SourceTitle "CB50_2023"]
[SourceDate "2023.12.13"]
[SourceVersion "1"]
[SourceVersionDate "2023.12.13"]
[SourceQuality "1"]

1. e4 c5 2. Nf3 d6 3. d4 cxd4 4. Nxd4 Nf6 5. Nc3 Nc6 6. Bg5 e6 7. Qd3 Bd7 8. Ndb5 Nb4 9. Qd1 Qb8 10. Bf4 e5 11. Bg5 a6 12. Bxf6 gxf6 13. Na3 b5 14. Nab1 f5 15. a3 Nc6 16. Nd5 Bg7 17. Nbc3 0-0 18. exf5 Bxf5 19. Be2 Be6 20. 0-0 f5 21. Qd2 Nd4 22. f4 Qb7 23. Ne3 Rad8 24. Bf3 e4 25. Bh5 d5 26. Na2 Nc6 27. c3 d4 28. cxd4 Rxd4 29. Qe2 Rfd8 30. Rfd1 Rxd1+ 31. Nxd1 Nd4 32. Qe1 Nc2 33. Qh4 Qb6+ 0-1

[Event "Rome La Regina op 3rd"]
[Site "Rome"]
[Date "2023.07.29"]
[Round "2"]
[White "Verga, Francesco"]
[Black "Bettalli, Francesco"]
[Result "0-1"]
[WhiteElo "1948"]
[BlackElo "2266"]
[PlyCount "72"]
[EventDate "2023.07.28"]
[EventType "swiss"]
[EventRounds "5"]
[EventCountry "ITA"]
[SourceTitle "CBM 215 Extra"]
[Source "ChessBase"]
[SourceDate "2023.09.30"]
[SourceVersion "1"]
[SourceVersionDate "2023.09.30"]
[SourceQuality "1"]

1. e4 e5 2. Nf3 Nc6 3. d4 exd4 4. Bc4 Nf6 5. e5 d5 6. Bb5 Nd7 7. 0-0 Be7 8. Re1 0-0 9. Bxc6 bxc6 10. Nxd4 Nb8 11. h3 c5 12. Nf3 a5 13. Nc3 Bb7 14. Bf4 Ra6 15. Qd2 Rg6 16. Rad1 c6 17. Ne2 Bc8 18. Bh2 Bf5 19. c4 d4 20. Ng3 Be6 21. b3 a4 22. Kh1 Qd7 23. Ng1 Na6 24. Ne4 axb3 25. axb3 Nb4 26. Ra1 Bf5 27. Nd6 Bc2 28. Ra3 Qe6 29. Rc1 Bd3 30. Ra5 f6 31. Rxc5 fxe5 32. Rxe5 Qxd6 33. c5 Qf6 34. Nf3 Rxg2 35. Kxg2 Qxf3+ 36. Kg1 Bh4 0-1

[Event "Bassano del Grappa Spring op"]
[Site "Bassano del Grappa"]
[Date "2023.03.16"]
[Round "2"]
[White "Cina`, Vittorio"]
[Black "Verga, Francesco"]
[Result "1/2-1/2"]
[WhiteElo "2158"]
[BlackElo "1957"]
[PlyCount "68"]
[EventDate "2023.03.15"]
[EventType "swiss"]
[EventRounds "9"]
[EventCountry "ITA"]
[SourceTitle "EXT 2024"]
[Source "ChessBase"]
[SourceDate "2023.10.10"]
[SourceVersion "1"]
[SourceVersionDate "2023.10.10"]
[SourceQuality "1"]

1. e4 c5 2. Nc3 a6 3. Nge2 d6 4. g3 g6 5. Bg2 Bg7 6. d3 e6 7. Be3 Nc6 8. Qd2 Nge7 9. Bh6 0-0 10. h4 f6 11. h5 g5 12. Bxg7 Kxg7 13. d4 e5 14. dxc5 dxc5 15. 0-0-0 Bg4 16. f3 Be6 17. Qd6 Qxd6 18. Rxd6 Bc4 19. Rd7 b5 20. b3 Bxe2 21. Nxe2 Rfd8 22. Rhd1 Rxd7 23. Rxd7 Rd8 24. Rxd8 Nxd8 25. Kd2 Kh6 26. g4 Ne6 27. Ng3 Kg7 28. c3 Kf7 29. Bf1 Nc7 30. Be2 h6 31. Nf1 Ke6 32. Ne3 Kd6 33. Kc2 Kc6 34. a4 Kd6 1/2-1/2